000 01018cam a2200289 a 4500
001 3051364
003 OSt
005 20151008081340.0
008 960716s1997 njuab b 001 0 eng
010 _a 96009917
020 _a0132414074 (pbk.)
040 _aDLC
_cDLC
_dDLC
050 0 0 _aQ180.55.M4
_bL43 1997
082 0 0 _a001.4
_220
100 1 _aLeedy, Paul D.
245 1 0 _aPractical research :
_bplanning and design /
_cPaul D. Leedy.
250 _a6th ed. /
_bwith contributions by Timothy J. Newby and Peggy A. Ertmer.
260 _aUpper Saddle River, N.J. :
_bMerrill,
_cc1997.
300 _axvi, 304 p. :
_bill. (some col.), col. maps ;
_c28 cm.
504 _aIncludes bibliographical references and index.
650 0 _aResearch
_xMethodology.
700 1 _aNewby, Timothy J.
700 1 _aErtmer, Peggy A.
906 _a7
_bcbc
_corignew
_d1
_eocip
_f19
_gy-gencatlg
942 _2lcc
_cBK
999 _c250289
_d250289